01206nam a2200325 a 4500001001000000003000900010005001700019007000300036008004100039020001500080040003100095082002900126100005000155245010400205264003600309300004500345336002700390337003300417338002800450500007300478590002600551600003400577650002400611650002700635650002500662910004100687942001200728952012300740999001700863000011844DO-SdBPM20260123125256.0ta091028d2002 dr a r 000 0 spa d a9993403369 aDO-SdBPMbspacBPMSU drda 4aRD861.44bC679g 20022221 aCoiscou Guzmán, Grey,d1941-eautor 4aut. 14aLas gacelas y casidas del rubio (1980-2000) :b(poemas arabigo-andaluces) /cGrey Coiscou Guzmán. aSanto Domingo :bColoco,c2002. a94 páginas :bilustraciones ;c22 cm. atextobtxt2rdacontent asin mediaciónbn2rdamedia avolumenbnc2rdacarrier aIncluye datos biográficos de la autora en la solapa de la cubierta aInventariado, 2026/VM17aCoicou Guzmán, Grey d1941- 7aPoesía dominicana 7aLiteratura dominicana.z aDominican literature 4aVMateo V. Control de calidad. BPMSU  2ddccBK 00102ddc708CDaBPMETbBPMETd2026-01-23l0oBPMSU CD RD861.44 C679g 2002pBPMSU26010043r2026-01-23w2026-01-23yBK c15626d15626